Cuộc sống trong tất cả các bạn

Đã lưu trong:
Bibliografiske detaljer
Format: Bog
Tags: Tilføj Tag
Ingen Tags, Vær først til at tagge denne postø!
Thư viện lưu trữ: Mạng thư viện Đại học Đà Nẵng
LEADER 00417nam a22001691a 4500
001 000040002
003 16297
005 20160412022715.0
008 160412s0 000
082 |a 4N(TK)1078-79 
245 |a Cuộc sống trong tất cả các bạn 
OWN |a LNN 
999 |a From the UDN01 
TYP |a Monograph 
980 |a Mạng thư viện Đại học Đà Nẵng